Λεξικο ελληνο-σερβοκροατικο = Recnik grcko-srpskohrvatski
Αποθηκεύτηκε σε:
| Κύριος συγγραφέας: | |
|---|---|
| Μορφή: | Βιβλίο |
| Γλώσσα: | Greek |
| Δημοσίευση: |
Θεσσαλονίκη :
Κυριακίδη,
1994
|
| Θέματα: | |
| Ετικέτες: |
Προσθήκη ετικέτας
Δεν υπάρχουν, Καταχωρήστε ετικέτα πρώτοι!
|
MARC
| LEADER | 00000nam a2200000 i 4500 | ||
|---|---|---|---|
| 001 | 1/6356 | ||
| 008 | 960628s1994 gre d | ||
| 020 | |a 960-343-251-2 | ||
| 035 | |l 10016324 | ||
| 040 | |a GR-MY-UA |b gre |e aacr | ||
| 041 | 0 | |a gre | |
| 082 | 0 | |a 423.9182 | |
| 100 | 1 | |a Κολτσίδας, Αντώνης Μιχ., |d 1947- | |
| 245 | 1 | 0 | |a Λεξικο ελληνο-σερβοκροατικο = |b Recnik grcko-srpskohrvatski / |c Αντώνη Μιχ. Κολτσίδα |
| 260 | |a Θεσσαλονίκη : |b Κυριακίδη, |c 1994 | ||
| 300 | |a 181 σ. | ||
| 650 | 0 | 0 | |a Greek language, Modern |x Dictionaries |x Serbo-Croatian. |
| 650 | 0 | 0 | |a Serbo-Croatian |x Dictionaries |x Greek, Modern. |
| 852 | |a INST |b LESVOS |e 19960628 |h 423.9182 ΚΟΛ |p 005100009747 |q 005100009747 |t REF |y 23 | ||
| 909 | |a Λ |b 044949 | ||